BIBLIOTECA PODER JUDICIAL
Portal Judicial TDF

Indulto al que incurriere en grave delito doloso contra el Estado que conlleve enriquecimiento / (Registro nro. 5596)

000 -LEADER
fixed length control field 01406nab a22002777a 4500
003 - CONTROL NUMBER IDENTIFIER
control field OSt
005 - DATE AND TIME OF LATEST TRANSACTION
control field 20251219181113.0
008 - FIXED-LENGTH DATA ELEMENTS--GENERAL INFORMATION
fixed length control field 190429b xxu||||| |||| 00| 0 spa d
040 ## - CATALOGING SOURCE
Transcribing agency PJ
100 ## - MAIN ENTRY--PERSONAL NAME
9 (RLIN) 6575
Personal name Stopansky, Alejo
245 10 - TITLE STATEMENT
Title Indulto al que incurriere en grave delito doloso contra el Estado que conlleve enriquecimiento /
Statement of responsibility, etc Alejo Stopansky.
260 ## - PUBLICATION, DISTRIBUTION, ETC. (IMPRINT)
Date of publication, distribution, etc Ciudad Autónoma de Buenos Aires :
Place of publication, distribution, etc Thomson Reuters La Ley,
Name of publisher, distributor, etc 2025.
300 ## - PHYSICAL DESCRIPTION
Extent p. 35-39
500 ## - GENERAL NOTE
General note Cita: TR LALEY AR/DOC/2874/2025.
505 ## - FORMATTED CONTENTS NOTE
Formatted contents note Sumario: I. Los hechos.— II. Juan Grabois en su foro, el parlamentario en el suyo.— III. El Presidente de la Nación puede indultar al que incurrió en grave delito doloso contra el Estado que conlleve enriquecimiento.— IV. El referido proyecto de ley.— V. Conclusiones, siempre provisionales.
505 ## - FORMATTED CONTENTS NOTE
Title Si te interesa el texto completo, solicitalo a koha@justierradelfuego.gov.ar
650 #0 - SUBJECT ADDED ENTRY--TOPICAL TERM
9 (RLIN) 343
Topical term or geographic name as entry element DERECHO PENAL
650 #0 - SUBJECT ADDED ENTRY--TOPICAL TERM
9 (RLIN) 2788
Topical term or geographic name as entry element INDULTO
650 #0 - SUBJECT ADDED ENTRY--TOPICAL TERM
9 (RLIN) 766
Topical term or geographic name as entry element CONSTITUCION NACIONAL
650 #0 - SUBJECT ADDED ENTRY--TOPICAL TERM
9 (RLIN) 2787
Topical term or geographic name as entry element AMNISTÍA
650 #0 - SUBJECT ADDED ENTRY--TOPICAL TERM
9 (RLIN) 1196
Topical term or geographic name as entry element JUICIO POLITICO
650 #0 - SUBJECT ADDED ENTRY--TOPICAL TERM
9 (RLIN) 2910
Topical term or geographic name as entry element CORRUPCIÓN
650 #0 - SUBJECT ADDED ENTRY--TOPICAL TERM
9 (RLIN) 3283
Topical term or geographic name as entry element DELITOS CONTRA LOS PODERES PÚBLICOS Y EL ORDEN CONSTITUCIONAL
773 0# - HOST ITEM ENTRY
Host Biblionumber 2658
Host Itemnumber 3164
Title Revista de derecho penal y criminología. Nº 11 - Diciembre 2025
Place, publisher, and date of publication Ciudad Autónoma de Buenos Aires : Thomson Reuters La Ley, 2017-
International Standard Serial Number 00347914
942 ## - ADDED ENTRY ELEMENTS (KOHA)
Source of classification or shelving scheme
Koha item type Analítica Artículo de Revista

No hay ítems disponibles.

12 de Octubre 789 Ushuaia - Tel:  54(02901)441571
Horario de Atención: 8.00 a 17.00 hs. 
bibliotecaush@justierradelfuego.gov.ar
koha@justierradelfuego.gov.ar
Seguinos en nuestras redes @bibliojustdf 

Con tecnología Koha